|
|
|
|
| LEADER |
00000nam a2200000 a 4500 |
| 001 |
vtls011616214 |
| 003 |
SK-MaSNL |
| 005 |
20260301093602.0 |
| 008 |
240313s2016 xo g 000 0 slo |
| 015 |
|
|
|a SNBA2017/03
|
| 020 |
|
|
|a 9788089686131
|q (brož.)
|
| 035 |
|
|
|a urn:nbn:sk:snk-am00cz17
|
| 035 |
|
|
|a urn:nbn:sk:snk-am3hg13
|
| 035 |
|
|
|a 27599EAB-9471-494F-B189-D0EE4331FF9D
|
| 040 |
|
|
|a SNK
|b slo
|c SNK
|e AACR2
|
| 041 |
0 |
|
|a slo
|
| 044 |
|
|
|a xo
|c SK
|
| 072 |
|
7 |
|a 27
|x Kresťanstvo. Kresťanská cirkev všeobecne. Ekleziológia
|2 konspekt
|
| 080 |
|
|
|a 2-185.2
|2 2011
|
| 080 |
|
|
|a 27
|2 2011
|
| 080 |
|
|
|a 27-277.2
|2 2011
|
| 080 |
|
|
|a (0:82-4)
|2 2001
|
| 080 |
|
|
|a 27-4
|2 2011
|
| 100 |
1 |
|
|a Vicenová, Mária
|4 aut
|9 327312
|
| 245 |
1 |
0 |
|a Vytrhnem ťa z rúk nepriateľov!
|c Mária Vicenová
|
| 250 |
|
|
|a 1. vyd.
|
| 260 |
|
|
|a Nitra
|b Oáza Michala Archanjela
|c 2016
|
| 300 |
|
|
|a 79 s.
|c 21 cm
|
| 500 |
|
|
|a Na obale: Naučme sa s Kristom víťaziť nad tými, ktorí nám spôsobujú bolesť a utrpenie
|
| 600 |
0 |
7 |
|a Ježiš Kristus
|2 SNKMA
|
| 650 |
0 |
7 |
|a bolesť
|x kresťanské aspekty
|2 SNKPH
|9 426174
|
| 650 |
0 |
7 |
|a Pain
|x christian approach
|2 SNKPHeng
|9 426175
|
| 650 |
0 |
7 |
|a Suffering
|x christian approach
|2 SNKPHeng
|9 402430
|
| 650 |
0 |
7 |
|a utrpenie
|x kresťanské aspekty
|2 SNKPH
|9 426176
|
| 650 |
0 |
7 |
|a kresťanská viera
|2 SNKPH
|9 1712
|
| 650 |
0 |
7 |
|a Christian faith
|2 SNKPHeng
|9 266204
|
| 650 |
0 |
7 |
|a biblické citáty
|2 SNKPH
|9 1914
|
| 650 |
0 |
7 |
|a Biblical quotations
|2 SNKPHeng
|9 268253
|
| 650 |
0 |
7 |
|a kresťanský život
|2 SNKPH
|9 1808
|
| 650 |
0 |
7 |
|a Christian life
|2 SNKPHeng
|9 265582
|
| 655 |
|
7 |
|a úvahy
|2 SNKPH
|9 29403
|
| 655 |
|
7 |
|a Essays
|2 SNKPHeng
|9 267540
|
| 919 |
|
|
|a 978-80-89686-13-1
|
| 958 |
|
|
|a NT
|
| 999 |
|
|
|c 677483
|d 679413
|
| 952 |
|
|
|a SNK
|b SNK
|y PREZ
|7 0
|p 17A1255886
|o snkSC 173574
|i snk2017/6272
|8 0
|0 0
|1 0
|4 0
|d 2017-03-07
|f 1
|l 0
|r 2025-09-11 00:00:00
|w 2026-02-23
|
| 952 |
|
|
|a SNK
|b SNK
|y VYP
|7 0
|p 17A1255887
|o snkSC 173574 D1
|i snk2017/6273
|8 0
|0 0
|1 0
|4 0
|d 2017-03-07
|l 0
|r 2026-02-23 19:46:29
|w 2026-02-23
|